logo

Bir Sreshtho Munshi Abdur Rouf Library
Jhenaidah Cadet College

অন্য জীবন / (Record no. 1345)

MARC details
000 -LEADER
fixed length control field 00691nam a2200229 4500
001 - CONTROL NUMBER
JCCL Control Number 1345
003 - CONTROL NUMBER IDENTIFIER
JCCL marc code BD-JhCC
005 - DATE AND TIME OF LATEST TRANSACTION
control field 20220602134022.0
008 - FIXED-LENGTH DATA ELEMENTS--GENERAL INFORMATION
fixed length control field 171018s2017 bg |||| |||| 000 0 ben d
020 ## - INTERNATIONAL STANDARD BOOK NUMBER
International Standard Book Number 9789849259978
035 ## - SYSTEM CONTROL NUMBER
system control number (BD-JhCC) 1345
040 ## - CATALOGING SOURCE
Original cataloging agency BD-JhCC
Modifying agency BD-JhCC
041 ## - LANGUAGE CODE
Language code of Book ben
082 ## - DEWEY DECIMAL CLASSIFICATION NUMBER
Classification number 891.4435
Author mark and Year ASA 2017
100 ## - MAIN ENTRY--PERSONAL NAME
Personal name আসাদুল্লাহ, মোহাম্মদ
245 ## - TITLE STATEMENT
Title অন্য জীবন /
Statement of responsibility, etc মোহাম্মদ আসাদুল্লাহ,
260 ## - PUBLICATION, DISTRIBUTION, ETC. (IMPRINT)
Place of publication, distribution, etc ঢাকা :
Name of publisher, distributor, etc রূপ প্রকাশন,
Date of publication, distribution, etc 2017.
300 ## - PHYSICAL DESCRIPTION
Pagination 287 p. :
Dimensions 22 cm.
650 ## - SUBJECT ADDED ENTRY--TOPICAL TERM
Topical term or geographic name as entry element Short Stories, Bengali
942 ## - ADDED ENTRY ELEMENTS (KOHA)
Source of classification or shelving scheme Dewey Decimal Classification
Koha item type Books
Koha issues (borrowed), all copies 1
Holdings
Source of classification or shelving scheme Damaged status Not for loan Home library Current library Shelving location Date of accession Cost, normal purchase price Total Checkouts Full call number Barcode Date last seen Date checked out Copy number Koha item type
Dewey Decimal Classification     JCC Rouf Library JCC Rouf Library General Stacks 10/18/2017 400.00 2 891.4435 ASA 2017 2428 11/07/2023 10/31/2023 C-1 Books
Dewey Decimal Classification     JCC Rouf Library JCC Rouf Library General Stacks 10/18/2017 400.00   891.4435 ASA 2017 2429 10/18/2017   C-2 Books
Dewey Decimal Classification     JCC Rouf Library JCC Rouf Library General Stacks 10/18/2017 400.00   891.4435 ASA 2017 2430 10/18/2017   C-3 Books

JCC Library | Contacts | JCC Home

Last Update on 23 September 2017
Copyright @ 2017-2020 JCC Rouf Library
Rouf Library, Jhenidah Cadet College (JCC), Bangladesh